000 00695cam a2200229 a 4500
001 144959
005 20180124035521.0
008 990305s1999 txua 001 0 eng
010 _a 98070563
020 _a0030238110
035 _a(DLC) 98070563
040 _aDLC
_cDLC
_dDLC
041 _aeng
080 _a657.3 cly
082 0 0 _a657.3 cly
_221
100 1 _a57
101 _afina
245 1 0 _aFinancial reporting and statement analysis :
_cClyde P. Stickney, Paul R. Brown.
906 _a7
_bcbc
_corignew
_d2
_eopcn
_f19
_gy-gencatlg
942 _2ddc
_cBK
999 _c40827
_d40827